|
|
|
|
| LEADER |
00000nam0a2200000 4500 |
| 001 |
197559 |
| 005 |
20231101224749.0 |
| 010 |
|
|
|a 9785996304721
|
| 035 |
|
|
|a (RuTPU)RU\TPU\book\215510
|
| 090 |
|
|
|a 197559
|
| 100 |
|
|
|a 20110614d2011 m y0rusy50 ca
|
| 101 |
1 |
|
|a rus
|c eng
|
| 102 |
|
|
|a RU
|
| 105 |
|
|
|a a j 001zy
|
| 200 |
1 |
|
|a Ключевые модели менеджмента. 60 моделей, которые должен знать каждый менеджер
|e пер. с англ.
|f ван М. Ассен, ван ден Г. Берг, П. Питерсма
|
| 205 |
|
|
|a 2-е изд.
|
| 210 |
|
|
|a Москва
|c БИНОМ. Лаборатория знаний
|d 2011
|
| 215 |
|
|
|a 319 с.
|c ил.
|
| 320 |
|
|
|a Библиогр. в конце гл.
|
| 320 |
|
|
|a Указатель: с. 314-319.
|
| 330 |
|
|
|a Скорее всего, вы уже слышали о бережливом подходе, SWOT-анализе и ключевых компетенциях. А что вы думаете об анализе рисков и вознаграждений, инновационном цикле и стратегическом планировании человеческого капитала? Даже если вы слышали об этих моделях, действительно ли вы знаете, что они собой представляют и как вы могли бы их применить на практике? В этом переработанном издании бестселлера "Ключевые модели менеджмента" описываются 60 моделей менеджмента. По каждой ключевой модели дается руководство, когда и как этой моделью лучше всего воспользоваться, указываются степень реальной работоспособности модели, ее преимущества и недостатки. Книга содержит множество иллюстраций, помогающих понять сущность предложенных моделей. Независимо от вашего опыта и имеющихся знаний, эта книга познакомит вас с десятками новых способов, помогающих сделать ваш бизнес лучше. Для менеджеров среднего и высшего звена, бизнес-консультантов, а также всех тех, кто интересуется моделями менеджмента.
|
| 606 |
1 |
|
|a Менеджмент
|2 stltpush
|3 (RuTPU)RU\TPU\subj\42098
|9 61850
|
| 610 |
1 |
|
|a экономика
|
| 610 |
1 |
|
|a стратегические модели
|
| 610 |
1 |
|
|a тактические модели
|
| 610 |
1 |
|
|a операционные модели
|
| 610 |
1 |
|
|a SWOT-анализ
|
| 610 |
1 |
|
|a стратегическое планирование
|
| 610 |
1 |
|
|a конкурентный анализ
|
| 610 |
1 |
|
|a бенчмаркинг
|
| 610 |
1 |
|
|a потребительский маркетинг
|
| 610 |
1 |
|
|a модели
|
| 610 |
1 |
|
|a брендинг
|
| 610 |
1 |
|
|a классические модели
|
| 610 |
1 |
|
|a матрица Ансоффа
|
| 610 |
1 |
|
|a закупки
|
| 610 |
1 |
|
|a рынок
|
| 610 |
1 |
|
|a финансы
|
| 610 |
1 |
|
|a управление
|
| 610 |
1 |
|
|a продажи
|
| 610 |
1 |
|
|a снабжение
|
| 610 |
1 |
|
|a поставки
|
| 610 |
1 |
|
|a инновации
|
| 610 |
1 |
|
|a человеческие ресурсы
|
| 610 |
1 |
|
|a риски
|
| 610 |
1 |
|
|a вознаграждение
|
| 610 |
1 |
|
|a SWOT-анализ
|
| 686 |
|
|
|a У821
|v LBC/SL-A
|2 rubbk
|
| 700 |
|
1 |
|a Ассен
|b ван М.
|g Марсель
|
| 701 |
|
1 |
|a Берг
|b ван ден Г.
|g Гербен
|
| 701 |
|
1 |
|a Питерсма
|b П.
|g Пауль
|
| 801 |
|
1 |
|a RU
|b 63413507
|c 20110614
|
| 801 |
|
2 |
|a RU
|b 63413507
|c 20120618
|g RCR
|
| 900 |
|
|
|a Менеджмент
|
| 942 |
|
|
|c BK
|
| 959 |
|
|
|a 60/20110607
|d 2
|e 0,00
|f ЧЗГЛ:1
|f АНЛ:1
|